00408nam a22001457a 4500020001800000040000900018082001600027100002800043245001900071260002200090650002700112942001200139999001900151952009200170 a9781405282123 cNUST a823-CHbFIN aPankhurst, Kate9123005 aBig Red Baloon aUK:bDean,c2012. aBig Red Baloon9123006 2ddccBK c609345d609345 00102ddc4070aCEMEbCEMEcFICd2024-05-29l0o823-CH FINr2024-05-29w2024-05-29yBK